Alexander Csoma de Kőrös / (Record no. 19082)

MARC details
000 -LEADER
fixed length control field 01533nam a2200325 a 4500
005 - DATE AND TIME OF LATEST TRANSACTION
control field 20080226141349.0
008 - FIXED-LENGTH DATA ELEMENTS--GENERAL INFORMATION
fixed length control field 070914s2007 ii ab b 001 0 eng
010 ## - LCCN (DPL NO)
LC control number ENG-91801-02
020 ## - INTERNATIONAL STANDARD BOOK NUMBER
Terms of availability 1200.00(set of 2 vols.)
035 ## - SYSTEM CONTROL NUMBER
System control number EN-75334-35
037 ## - SOURCE OF ACQUISITION
Source of stock number/acquisition DBAD / PUB
040 ## - CATALOGING SOURCE
Original cataloging agency dpl
Language of cataloging English
082 ## - DEWEY DECIMAL CLASSIFICATION NUMBER
Classification number 409.2
100 ## - MAIN ENTRY--PERSONAL NAME
Personal name Marczell, P. J.
245 ## - TITLE STATEMENT
Title Alexander Csoma de Kőrös /
Statement of responsibility, etc by P.J. Marczell.
260 ## - PUBLICATION, DISTRIBUTION, ETC. (IMPRINT)
Place of publication, distribution, etc Kolkata :
Name of publisher, distributor, etc The Asiatic Society,
Date of publication, distribution, etc 2007
300 ## - PHYSICAL DESCRIPTION
Extent 2 v. (xxiii, 302p.; xxvi, 593p.)
Other physical details col. ill. ; maps ;
Dimensions 22 cm (Hb)
490 ## - SERIES STATEMENT
Series statement Monograph series ; no. 45
500 ## - GENERAL NOTE
General note Includes index.
505 ## - FORMATTED CONTENTS NOTE
Formatted contents note v. 1. Csoma Kőrösi's planet -- v. 2. British-Indian source documents.
600 ## - SUBJECT ADDED ENTRY--PERSONAL NAME
Personal name Kőrösi Csoma, Sándor,
Dates associated with a name 1784-1842.
600 ## - SUBJECT ADDED ENTRY--PERSONAL NAME
Personal name Kőrösi Csoma, Sándor,
Dates associated with a name 1784-1842
Form subdivision Sources.
600 ## - SUBJECT ADDED ENTRY--PERSONAL NAME
Personal name Kőrösi Csoma, Sándor,
Dates associated with a name 1784-1842
Form subdivision Correspondence.
650 ## - SUBJECT ADDED ENTRY--TOPICAL TERM
Topical term or geographic name as entry element Tibetan philology
Form subdivision Biography.
650 ## - SUBJECT ADDED ENTRY--TOPICAL TERM
Topical term or geographic name as entry element Philologists
Geographic subdivision Hungary
Form subdivision Biography.
710 ## - ADDED ENTRY--CORPORATE NAME
Corporate name or jurisdiction name as entry element Asiatic Society (Calcutta, India)
942 ## - ADDED ENTRY ELEMENTS (KOHA)
Source of classification or shelving scheme Dewey Decimal Classification
Item type English Books
Call number suffix MAR
Classification part 409.2
Holdings
Withdrawn status Lost status Source of classification or shelving scheme Materials specified (bound volume or other part) Damaged status Not for loan Collection code Home library Current library Date acquired Source of acquisition Cost, normal purchase price Total Checkouts Full call number Barcode Date last seen Copy number Cost, replacement price Koha item type Public note
    Dewey Decimal Classification v.1-Csoma   Not For Loan Non-fiction D.B.Act.Division D.B.Act.Division 25/11/2008 DBAD / PUB 1200.00   409.2 MAR EN-75334 25/11/2008 1 1200.00 English Books v.1-Csoma korosis planet
    Dewey Decimal Classification v.2-Britis   Not For Loan Non-fiction D.B.Act.Division D.B.Act.Division 25/11/2008 DBAD / PUB 1200.00   409.2 MAR EN-75335 25/11/2008 1 1200.00 English Books v.2-British-Indian source decuments

© Delhi Public Library
Hit Counter
free hit counter